|
|
|
|
| LEADER |
00969nam a2200241 a 4500 |
| 001 |
15662271 |
| 008 |
100223s2008 bg bg 001 0 eng d |
| 010 |
|
|
|a \\2009341565
|
| 020 |
|
|
|a 98484701802
|
| 040 |
|
|
|a DLC
|c DLC
|d BD-DhAAL
|
| 082 |
0 |
0 |
|a 342/.5492/029
|2 22
|
| 100 |
1 |
|
|a Joy, Belal Husain.
|
| 245 |
1 |
0 |
|a Constitutional history of Bangladesh :
|b comments on contemporary political crisis and leading case-laws /
|c researched by Belal Husain Joy.
|
| 250 |
|
|
|a 1st ed.
|
| 260 |
|
|
|a Dhaka :
|b Bangladesh Law Book Co.,
|c 2008.
|
| 300 |
|
|
|a xxxvi, 683 p. ;
|c 22 cm.
|
| 504 |
|
|
|a Includes bibliographical references (p. [674]-679) and index.
|
| 541 |
1 |
|
|e 00017736
|
| 650 |
|
0 |
|a Constitutional history
|z Bangladesh.
|
| 852 |
4 |
|
|a Ayesha Abed Library
|j General Shelf
|
| 942 |
0 |
0 |
|0 1
|
| 999 |
|
|
|c 7676
|d 7676
|
| 952 |
|
|
|0 0
|1 0
|2 ddc
|4 0
|6 342_549202900000000_JOY_2008
|7 0
|9 8402
|a BRACUL
|b BRACUL
|c GEN
|d 2010-02-23
|l 15
|m 54
|o 342.5492029 JOY
|p 3010017736
|r 2026-04-06
|s 2025-12-23
|t 1
|w 2010-02-23
|y BK
|